| 000 | 00859nam a2200277Ia 4500 | ||
|---|---|---|---|
| 003 | OSt | ||
| 005 | 20220912151223.0 | ||
| 006 | a|||||r|||| 00| 0 | ||
| 007 | ta | ||
| 008 | 220909b |||||||| |||| 00| 0 eng d | ||
| 024 | _a56984 | ||
| 037 | _cTextual | ||
| 040 |
_aCSL _beng _cCSL |
||
| 041 | _aeng | ||
| 082 | _aK1:423, L2 | ||
| 100 | _aTinsley Thomas W Ed. | ||
| 111 | _aReport of international congress for virology on moving frontiers in invertebrate virology 2nd (1971 : Budapest) | ||
| 245 | 0 | _aReport: moving frontiers in invertebrate virology | |
| 260 |
_aBasel _bS Karger _c1972 |
||
| 300 |
_avii, 66p. _ccm. |
||
| 490 | _aMonographs in virology; 6 | ||
| 650 | _aEvolution | ||
| 700 | _a Harrap Keith A Ed. | ||
| 942 |
_hK1:423, L2 _cTEXL _2CC |
||
| 999 |
_c63909 _d63909 |
||